Translate these Countries from Albanian to English - Statistics

General Stats
  • This quiz has been taken 378 times
  • The average score is 14 of 15
Answer Stats
Albanian English % Correct
Greqia Greece
99%
Spanja Spain
98%
Turqia Turkey
98%
Siria Syria
97%
Belgjika Belgium
96%
Filipinet Philippines
96%
Norvegjia Norway
95%
Zelanda e Re New Zealand
93%
Suedia Sweden
92%
Shqipëria Albania
90%
Kina China
90%
Afrika e Jugut South Africa
89%
Shtetet e Bashkuara USA
82%
Mbretëria e Bashkuar UK
77%
Kili Chile
71%
No matching quizzes found
Score Distribution
Percent of People with Each Score
Percentile by Number Answered
Your Score History
You have not taken this quiz